000 00603nam a2200241Ia 4500
003 OSt
005 20220924152035.0
006 a|||||r|||| 00| 0
007 ta
008 220923b |||||||| |||| 00| 0 mar d
020 _c5.00
024 _a340506
037 _cTextual
040 _aARTS
_cARTS
_bmar
041 _2mar
_amar
082 _aO155,3N16,1, K1
100 _aFadake S.Kamla
_9225632
245 0 _aMaticha hatti
260 _c1961
650 _aMARATHI LITERATURE
_938000
942 _hO155,3N16,1, K1
_cTEXL
_2CC
999 _c468469
_d468469